Dr. Osyf Rodak - jubilant

Bibliographic Details
Main Author: Kaputa, Andrej, 1947- (Author)
Format: Article
Language:Slavic languages
PhysicalDescription:Fotogr.
Subjects:

MARC

LEADER 00000nab a2200000 a 4500
001 vtls000864140
003 SK-MaSNL
005 20260318125020.0
008 240612c2003 xo 0 sla
015 |a SNBRB2004/02-06390 
035 |a CLN000215694 
040 |a SNKBUCL  |b slo  |c SNKBUCL  |e AACR2 
041 0 |a sla  |a rue 
044 |a xo  |c SK 
080 |a 930.1-051  |2 UDC-MRF-SK2 
080 |a 929 Rodák, Jozef  |2 UDC-MRF-SK2 
100 1 |a Kaputa, Andrej,  |d 1947-  |4 aut 
245 1 0 |a Dr. Osyf Rodak - jubilant  |c Andrij Kaputa 
300 |b Fotogr. 
600 1 7 |a Rodak, Osyf  |d 1943-  |2 snkbucl  |9 1265309 
651 7 |a 712  |2 snkbucl  |9 299153 
651 7 |a 527432  |2 snkbucl  |9 1265310 
651 7 |a 527106  |2 snkbucl  |9 841203 
655 7 |a články z novín a časopisov  |2 snkbucl  |9 267496 
773 0 |t Narodny novynky  |g Roč. 13, č. 39-40 (2003), s. 2 
850 |a Slovenská národná knižnica v Martine 
852 |a SNK  |b KIS3GCP 
958 |a RN 
958 |a BX 
958 |a SK 
958 |a RBX 
999 |c 2264177  |d 2266107